|
|
|
|
| LEADER |
00959nam a2200361 4500 |
| 001 |
DLU110120698 |
| 005 |
##20110506 |
| 008 |
##001117s2002 txua 001 0 eng |
| 010 |
# |
# |
|a 00111245
|
| 020 |
# |
# |
|a 0155065688
|
| 040 |
# |
# |
|a DLC
|c DLC
|d DLC
|
| 082 |
# |
# |
|a 808.042
|b WY-J
|
| 100 |
# |
# |
|a Wyrick, Jean.
|
| 245 |
# |
# |
|a Steps to writing well :
|b with additional readings /
|c Jean Wyrick.
|
| 250 |
# |
# |
|a 5th ed.
|
| 260 |
# |
# |
|a Fort Worth :
|b Harcourt College Publishers,
|c c2002.
|
| 300 |
# |
# |
|a xxiii, 648 p. :
|b ill. ;
|c 24 cm.
|
| 500 |
# |
# |
|a Includes index.
|
| 650 |
# |
# |
|a College readers.
|
| 650 |
# |
# |
|a English language
|x Rhetoric.
|
| 650 |
# |
# |
|a Report writing
|v Problems, exercises, etc.
|
| 923 |
# |
# |
|a 01/2011NN
|
| 991 |
# |
# |
|a SH
|
| 992 |
# |
# |
|a 0
|
| 993 |
# |
# |
|a 2002
|
| 994 |
# |
# |
|a KNN
|
| 900 |
# |
# |
|a True
|
| 911 |
# |
# |
|a Nguyễn Thanh Hương
|
| 925 |
# |
# |
|a G
|
| 926 |
# |
# |
|a A
|
| 927 |
# |
# |
|a SH
|
| 980 |
# |
# |
|a Thư viện Trường Đại học Đà Lạt
|